1069 1640 1515 1035 1410 1652 1518 1169 1226 1287 1978 1323 1275 1930 1254 1899 1678 1772 1213 1018 1758 1439 1089 1417 1346 1435 1268 1593 1721 1611 1221 1299 1048 1091 1879 1887 1780 1912 1934 1184 1032 1604 1378 1843 1718 1073 1965 1838 1443 1274 1038 1958 1486 1688 1198 1699 1492 1531 1499 1968 1828 1155 1414 1805 1922 1178 1240 1779 1005 1145 1338 1434 1147 1699 1338 1863 1709 1958 1009 1979 1841 1892 1293 1807 1135 1502 1797 1303 1901 1590 1670 1404 1470 1501 1124 1410 1637 1046 1972 BCNSPRNW ULIB Ver.6.0+V

เปลี่ยนเป็นภาษาไทย

Change to English
 แสดงรายละเอียดบรรณานุกรม
  กลับหน้าหลัก

Brief Record : Get Marc (ISO 2709) : E-mail record : QR code < ปิดหน้าต่าง
LEADER : 00000nam 2200000uu 4500
001    13399120303
003     ULIB
008    020711s2549 th a 000 0 tha d
020    9789749449684
050    QV55 ก344ย
100    ใกล้หมอ
245    วิตามินและยาน่ารู้/^cใกล้หมอ
250    พิมพ์ครั้งที่ 1
260    กรุงเทพฯ :^bใกล้หมอ,^c2549
650    ยา^xการใช้ยา
945    ^p0^l0^i24884
999    ^aทศพร เกษรทอง
รายการนี้ยังไม่มีแท็ก
คุณยังไม่ได้ล็อกอิน คุณสามารถมีกิจกรรมร่วมกับเว็บไซต์ได้ แต่ต้องล็อกอินก่อน ::
  ล็อกอิน

รายการสื่อสารสนเทศ

ลำดับที่ ประเภท เลขเรียก/บาร์โค้ด สถานที่ สถานะ
1. วิทยาศาสตร์การแพทย์ และสุขภาพ
วิทยาศาสตร์การแพทย์ และสุขภาพ
QV55 ก344ย  
  Barcode: 24884
ห้องสมุดวิทยาเขตสวรรค์ประชารักษ์
►หนังสือทั่วไป
บนชั้น

รายการใกล้เคียง
    ผู้แต่ง [ใกล้หมอ]

BibComment


ยังไม่เคยถูกคอมเมนท์

คอมเมนท์ทรัพยากรรายการนี้
  คอมเมนท์: วิตามินและยาน่ารู..


 Copyright 2026. Bcnsprnw @Library